<?xml version="1.0" encoding="UTF-8"?>
<record
    xmlns:xsi="http://www.w3.org/2001/XMLSchema-instance"
    xsi:schemaLocation="http://www.loc.gov/MARC21/slim http://www.loc.gov/standards/marcxml/schema/MARC21slim.xsd"
    xmlns="http://www.loc.gov/MARC21/slim">

  <leader>01761nam a2200241   4500</leader>
  <controlfield tag="005">20250711082349.0</controlfield>
  <datafield tag="020" ind1=" " ind2=" ">
    <subfield code="a">9781613630907</subfield>
  </datafield>
  <datafield tag="040" ind1=" " ind2=" ">
    <subfield code="a">MUL</subfield>
    <subfield code="b">eng.</subfield>
    <subfield code="e">AACR2</subfield>
  </datafield>
  <datafield tag="082" ind1=" " ind2=" ">
    <subfield code="a">658.812 FAD</subfield>
  </datafield>
  <datafield tag="100" ind1=" " ind2=" ">
    <subfield code="a">FADER, P.</subfield>
  </datafield>
  <datafield tag="245" ind1=" " ind2=" ">
    <subfield code="a"> The customer centricity playbook :</subfield>
    <subfield code="b">implement a winning strategy driven by customer lifetime value</subfield>
    <subfield code="c">Peter S. Fader (Author) Sarah Toms (Author)</subfield>
  </datafield>
  <datafield tag="260" ind1=" " ind2=" ">
    <subfield code="a">Philadelphia :</subfield>
    <subfield code="b">Wharton Digital Press,</subfield>
    <subfield code="c">C. 2018.</subfield>
  </datafield>
  <datafield tag="300" ind1=" " ind2=" ">
    <subfield code="a">xiv, 120p. :</subfield>
    <subfield code="b">ill. ;</subfield>
    <subfield code="c">21cm.</subfield>
  </datafield>
  <datafield tag="504" ind1=" " ind2=" ">
    <subfield code="a">Includes indexes</subfield>
  </datafield>
  <datafield tag="505" ind1=" " ind2=" ">
    <subfield code="a">etting a Strategic Course to Maximize Customer Value
Customer Acquisition and Growing Your Best Customer Base
Using Customer Centricity to Tune Retention and Development Tactics
CRM's Place in Creating a Value-Based Strategy
The Role of Customer Centricity in Corporate Valuation
Agile Change Management and Customer Centricity
Conclusion: Customer Centricity from Concept to Playbook to Action</subfield>
  </datafield>
  <datafield tag="520" ind1=" " ind2=" ">
    <subfield code="a">How did global gaming company Electronic Arts go from being named "Worst Company in America" to clearing a billion dollars in profit? They discovered a simple truth--and acted on it: Not all customers are the same, regardless of how they appear on the surface. In The Customer Centricity Playbook, Wharton School professor Peter Fader and Wharton Interactive's executive director Sarah Toms help you see your customers as individuals rather than a monolith, so you can stopwasting resources by chasing down product sales to each and every consumer. Fader and Toms offer a 360-degree analysis of all the elements that support customer centricity within an organization
</subfield>
  </datafield>
  <datafield tag="546" ind1=" " ind2=" ">
    <subfield code="a">eng.</subfield>
  </datafield>
  <datafield tag="650" ind1=" " ind2=" ">
    <subfield code="a">Customer relations</subfield>
  </datafield>
  <datafield tag="650" ind1=" " ind2=" ">
    <subfield code="a">Gestion</subfield>
  </datafield>
  <datafield tag="650" ind1=" " ind2=" ">
    <subfield code="a">Management</subfield>
  </datafield>
  <datafield tag="700" ind1=" " ind2=" ">
    <subfield code="a">TOMS, Sarah</subfield>
  </datafield>
  <datafield tag="942" ind1=" " ind2=" ">
    <subfield code="c">BK</subfield>
  </datafield>
  <datafield tag="999" ind1=" " ind2=" ">
    <subfield code="c">11069</subfield>
    <subfield code="d">11069</subfield>
  </datafield>
  <datafield tag="952" ind1=" " ind2=" ">
    <subfield code="0">0</subfield>
    <subfield code="1">0</subfield>
    <subfield code="4">0</subfield>
    <subfield code="7">0</subfield>
    <subfield code="a">MU005</subfield>
    <subfield code="b">MU005</subfield>
    <subfield code="d">2025-07-11</subfield>
    <subfield code="e">MAK Solution (HEET)</subfield>
    <subfield code="l">0</subfield>
    <subfield code="o">658.8121 FAD</subfield>
    <subfield code="p">TCC0087643</subfield>
    <subfield code="r">2025-07-11 08:22:24</subfield>
    <subfield code="t">1</subfield>
    <subfield code="w">2025-07-11</subfield>
    <subfield code="y">BK</subfield>
  </datafield>
  <datafield tag="952" ind1=" " ind2=" ">
    <subfield code="0">0</subfield>
    <subfield code="1">0</subfield>
    <subfield code="4">0</subfield>
    <subfield code="7">0</subfield>
    <subfield code="a">MU005</subfield>
    <subfield code="b">MU005</subfield>
    <subfield code="d">2025-07-11</subfield>
    <subfield code="e">MAK Solution (HEET)</subfield>
    <subfield code="l">0</subfield>
    <subfield code="o">658.8121 FAD</subfield>
    <subfield code="p">TCC0087644</subfield>
    <subfield code="r">2025-07-11 08:22:24</subfield>
    <subfield code="t">2</subfield>
    <subfield code="w">2025-07-11</subfield>
    <subfield code="y">BK</subfield>
  </datafield>
  <datafield tag="952" ind1=" " ind2=" ">
    <subfield code="0">0</subfield>
    <subfield code="1">0</subfield>
    <subfield code="4">0</subfield>
    <subfield code="7">0</subfield>
    <subfield code="a">MU005</subfield>
    <subfield code="b">MU005</subfield>
    <subfield code="d">2025-07-11</subfield>
    <subfield code="e">MAK Solution (HEET)</subfield>
    <subfield code="l">0</subfield>
    <subfield code="o">658.8121 FAD</subfield>
    <subfield code="p">TCC0087645</subfield>
    <subfield code="r">2025-07-11 08:22:24</subfield>
    <subfield code="t">3</subfield>
    <subfield code="w">2025-07-11</subfield>
    <subfield code="y">BK</subfield>
  </datafield>
</record>
